000
00256nam a22001097a 4500
008
170119b xxu||||| |||| 00| 0 eng d
020
_a
4670759085007
041
_a
eng
080
_a
618.2
245
_a
MATERNAL-CHILD NURSING
_c
MCKINNEY, E.S
942
_2
udc
_c
BK
999
_c
3172
_d
3172